00450 a2200157 4500010001400000020002200014035001300036037001600049082001100065245007600076260002800152270004000180300003000220700001700250700002500267 aENG-88749 c425.00a851261051 aEN-72282 bDBAD / PUB14a320.011 aPolitical philosophy/cedited by Thom Brooks [and] J. Jeremy Wisnewski aMeerutbAnu Booksc2003 aShivaji Road,bMeerutk0121-2657362 a280 + vi p.c22 cm. (Hb).1 aBrooks, Thom1 aWisnewski, J. Jeremy